000 00662nam a2200205Ia 4500
003 GCL
008 140319s9999 xx 000 0 ara d
040 _aGCL /
_cGCL
082 0 4 _a658.302
_bع ا
100 1 _aعبدالفتاح دياب حسين
245 1 0 _aالاعمدة السبعة للاشراف الفعال /
_cعبدالفتاح دياب حسين
300 _a122 ص
490 _aسلسلة مطبوعات المجموعة الاستشارية العربي
_v0
650 0 4 _aالادارة
650 0 4 _aالقيادة
650 0 4 _aالتوجية
650 0 4 _aالاشراف الفعال
650 0 4 _aالمشرفون
942 _2ddc
_cBK
999 _c49522
_d49522